|
|
|
|
| LEADER |
00000nab a2200000uu 4500 |
| 001 |
vtls011456031 |
| 003 |
SK-MaSNL |
| 005 |
20260303211610.0 |
| 008 |
230222|1980 xo |||||||||||||||||eng| |
| 015 |
|
|
|a SNBRB
|
| 035 |
|
|
|a (urnnbn)urn:nbn:sk:snk:ar-a080og
|
| 035 |
|
|
|a (uuid)f72f3d28-7167-4df0-a97d-d8f7f7b1618c
|
| 035 |
|
|
|a urn:nbn:sk:snk-abcqxy
|
| 040 |
|
|
|a SNKBUCL
|b slo
|c SNKBUCL
|e AACR2
|
| 041 |
0 |
|
|a eng
|
| 044 |
|
|
|a xo
|c SK
|
| 100 |
1 |
|
|a Szántó, J.
|4 aut
|9 664757
|
| 245 |
1 |
0 |
|a NEW MODEL CELL SYSTEMS (PK AND XTC-2) FOR STUDYING ACUTE AND PERSISTENT INFECTIONS WITH HERPES SIMPLEX AND PSEUDORABIES VIRUSES
|c J. Szántó, J. Leššo, F. Golais
|
| 700 |
1 |
|
|a Golais, F.
|4 aut
|9 1121676
|
| 700 |
1 |
|
|a Leššo, Jozef,
|d 1933-
|4 aut
|9 7615
|
| 773 |
0 |
|
|t Acta virologica
|g Roč. 24, č. 4 (1980), s. 244-252
|
| 958 |
|
|
|a OND
|
| 958 |
|
|
|a EUIPO
|
| 958 |
|
|
|a article16
|
| 999 |
|
|
|c 2203541
|d 2205471
|